Historie a současný stav českého hypotečního bankovnictví
Tradícia českého hypotekárneho bankovníctva. Vznik hypotekárneho úveru, ako zdroja dlhodobého financovania predovšetkým nehnuteľností. Hypotekárne bankovníctvo na českom území v období medzi dvomi svetovými vojnami. České hypotekárne bankovníctvo po roku 1990. Význam hypotekárnych záložných listov...
Gespeichert in:
| 1. Verfasser: | |
|---|---|
| Format: | Buchkapitel |
| Sprache: | Tschechisch |
| Schlagworte: | |
| Tags: |
Keine Tags, Fügen Sie das erste Tag hinzu!
|
MARC
| LEADER | 00000naa$a2200000$$$4500 | ||
|---|---|---|---|
| 001 | 0027834 | ||
| 005 | 20231107071205.5 | ||
| 041 | 0 | |a cze | |
| 044 | |a CZ | ||
| 245 | 1 | 0 | |a Historie a současný stav českého hypotečního bankovnictví |c Šárka Čechlovská |
| 520 | |a Tradícia českého hypotekárneho bankovníctva. Vznik hypotekárneho úveru, ako zdroja dlhodobého financovania predovšetkým nehnuteľností. Hypotekárne bankovníctvo na českom území v období medzi dvomi svetovými vojnami. České hypotekárne bankovníctvo po roku 1990. Význam hypotekárnych záložných listov. Súčasná situácia v oblasti českého hypotekárneho bankovníctva. Český trh hypotekárnych úverov v rokoch 1995-2003. | ||
| 610 | 2 | 0 | |a bankovníctvo hypotekárne |
| 610 | 2 | 0 | |a Česko |
| 610 | 2 | 0 | |a história |
| 610 | 2 | 0 | |a banky hypotekárne |
| 610 | 2 | 0 | |a listy záložné hypotekárne |
| 610 | 2 | 0 | |a úver hypotekárny |
| 100 | 1 | |a Čechlovská, Šárka | |